| 000 | 00527nam a2200193Ia 4500 | ||
|---|---|---|---|
| 003 | OSt | ||
| 005 | 20221007083122.0 | ||
| 006 | a|||||r|||| 00| 0 | ||
| 007 | ta | ||
| 008 | 221006b |||||||| |||| 00| 0 eng d | ||
| 024 | _a23,097 | ||
| 037 | _cDissertations | ||
| 040 |
_aFLL _cFLL _beng |
||
| 041 |
_2eng _aeng |
||
| 100 |
_aLal Rattan _9239945 |
||
| 245 | 0 | _aStudy of orders passed by children court Delhi for the delinquent children during 1976. | |
| 942 |
_cDIS _2CC |
||
| 999 |
_c1168876 _d1168876 |
||